00335nam a2200121Ia 4500008004100000100004400041245001800085260004600103300000900149650003000158942000800188999001700196190216s9999||||xx |||||||||||||| ||und|| aAssociation Of Indian University Author 0aQuestion Bank bAssociation Of Indian Universitiesc1983 a206p aQuestion Bank Book Series cREF c35962d35962